Discographie de Nirvana (1989-1993) - Statistiques

Statistiques générales
  • Ce quiz a été pris 358 fois
  • Le résultat moyen est 18 sur 48
Statistiques - réponses
Réponse % Correct
Smells Like Teen Spirit
86%
Come As You Are
85%
Lithium
76%
In Bloom
70%
Rape Me
70%
Something In The Way
68%
Polly
67%
Heart-Shaped Box
66%
Breed
55%
All Apologies
54%
School
53%
Dumb
51%
Drain You
50%
Territorial Pissings
48%
On A Plain
46%
Endless, Nameless
42%
Love Buzz
40%
Stay Away
40%
Lounge Act
39%
Aneurysm
38%
Blew
38%
Serve The Servants
36%
Sliver
35%
Pennyroyal Tea
34%
Mr. Moustache
33%
Tourette’s
32%
Floyd The Barber
31%
Scentless Apprentice
31%
Milk It
30%
Dive
29%
Frances Farmer Will Have Her Revenge On Seattle
29%
Negative Creep
29%
Paper Cuts
27%
Very Ape
26%
Downer
24%
Downer
24%
Scoff
23%
Big Cheese
22%
Swap Meet
22%
Mexican Seafood
21%
About A Girl
19%
Aero Zeppelin
18%
Hairspray Queen
18%
Stain
18%
Sifting
17%
Big Long Now
13%
Beeswax
11%
Radio Friendly Unit Shifter
7%
Aucun quiz correspondant
Distribution des résultats
% des personnes avec chaque résultat
Percentile par nombre de réponses
Votre historique - résultats
Vous n’avez pas pris ce quiz